| 000 | 00681nam a2200229Ia 4500 | ||
|---|---|---|---|
| 008 | 191130s2007##################000#0#eng## | ||
| 020 | _a9780767918251 | ||
| 022 | _a2006030248 | ||
| 040 |
_aACL _cACL |
||
| 082 | _a641.5945 LA | ||
| 100 | _aLa Place, Viana | ||
| 245 |
_aMy Italian garden _cViana La Place ; illustrations by Cindy Salans Rosenheim |
||
| 250 | _a1st ed | ||
| 260 |
_aNew York _bBroadway Books _c2007 |
||
| 300 | _axi, 258 p. : col. ill. ; 21 cm | ||
| 500 | _aIncludes bibliographical references and index | ||
| 650 | _aCooking, Italian | ||
| 650 | _aKitchen gardens | ||
| 990 | _a7703cb3fac10000c4b85bd018dad70cd | ||
| 991 | _a315950 | ||
| 999 |
_c17635 _d17635 |
||